01024naa a2200181 i 45000010005000000030009000050050017000140080039000310400021000700800011000911000145001022450097002475000021003445200221003656500013005866500013005997730230006121281KOSZ 00520180109110637.0150120s2008 pl f |100 0 pol cBPKdKOSZ 005/EG a502.171 aSTYSZKO, Leszek.d1998 - .bPolitechnika Koszalińska - Wydział Budownictwa i Inżynierii Środowiska,cKatedra Biologii Środowiskowej10aDoświadczenia Politechniki Koszalińskiej w zakresie produkcji biomasy /cLeszek Styszko. aDane z autopsji. aCelem pracy była ocena odrastania karp dziewięciu klonów wierzby krzewiastej w drugim i trzecim roku po sadzeniu na plantacjach produkcyjnych oraz na doświadczeniach ścisłych w Kościernicy pod Koszalinem. 0aBiomasa. 0aWierzba.0 iW :tRegenerative Energie in Polen und Deutschland im Perspektive bis 2020 / Hrsg. Michał Jasiulewicz, Peter Garbe, Werner Westphal. - dKoszalin-Torgelow : Wydaw. Uczelniane Politechniki Koszalińskiej, 2008. -gs. 153-162